000
00217 a2200097 4500
001
26295
100
_a
Garner
245
_a
Pinpoint transistor troubles 1212 minutes
260
_a
_b
Tab book
_c
090
_c
17733
_d
17733
942
_a
NUST-CAE
_c
M
_c
8595
999
_c
261368
_d
261368